| 000 | 00503cam a2200193ua 4500 | ||
|---|---|---|---|
| 020 |
_a0-07-052263-4 _c150.00 |
||
| 041 |
_aeng _h |
||
| 082 |
_a006.3 _bRIC/AR |
||
| 100 | _aRich, Elaine . | ||
| 245 |
_aArtificial intelligence / _cElaine Rich. _hTextual Documents |
||
| 250 |
_a2 / _b. |
||
| 260 |
_aNew Delhi : _bTata Mc-Graw Hill Publishing Company , _c1991. |
||
| 300 | _a621 ; . | ||
| 365 | _a150.00 | ||
| 504 | _a | ||
| 700 | 1 | _aKnight, Kevin . | |
| 942 | _cBK | ||
| 999 |
_c7370 _d7370 |
||